Corporaciones, Fundaciones y Organizaciones sin Fines de Lucro

Salvato in:
Dettagli Bibliografici
Ente Autore: EDIG
Natura: Sconosciuto
Lingua:inglese
Pubblicazione: Santiago Lbromar 2019
Serie:Colección de Manuales Prácticos
Soggetti:
Tags: Aggiungi Tag
Nessun Tag, puoi essere il primo ad aggiungerne!!

MARC

LEADER 00000 a2200000 4500
003 CL-VaPUC
005 20241022102540.0
008 200121b ||||| |||| 00| 0 eng d
999 |c 377559  |d 377557 
020 |a 9789567890590 
040 |c Pontificia Universidad Católica de Valparaíso 
082 |a 346.064 EDI 2019 
110 |a EDIG  |9 610748 
245 |a Corporaciones, Fundaciones y Organizaciones sin Fines de Lucro 
260 |b Lbromar  |c 2019  |a Santiago 
300 |a 226 p. 
490 0 |a Colección de Manuales Prácticos 
583 |k Hugo Gaete  |c 20200121 
650 0 0 |a Organizaciones sin fines de lucro  |9 439110 
650 0 0 |a CORPORACIONES NO LUCRATIVAS  |9 610744 
650 0 0 |a FUNDACIONES  |9 363951 
650 0 0 |a Tributación   |9 258429 
942 |2 ddc  |c BK 
952 |0 0  |1 0  |2 ddc  |4 0  |6 346_064000000000000_EDI_2019  |7 0  |9 497539  |a BIBGIM  |b BIBGIM  |c GEN  |d 2020-01-20  |e 22  |g 28600.00  |i 5572916  |o 346.064 EDI 2019   |p 5572916  |r 2025-01-15  |t 2  |v 28600.00  |w 2020-01-20  |y BK  |k COM 
952 |0 0  |1 0  |2 ddc  |4 0  |6 346_064000000000000_EDI_2019  |7 0  |9 497540  |a BIBGIM  |b BIBGIM  |c GEN  |d 2020-01-20  |e 22  |g 28600.00  |i 5572908  |l 5  |o 346.064 EDI 2019   |p 5572908  |r 2025-01-15  |s 2021-07-23  |t 1  |v 28600.00  |w 2020-01-20  |y BK  |k COM